Один только ты (Запись № 13284459)

Подробности
000 -МАРКЕР
контрольное поле 08788njm0a2200685 4500
001 - ИДЕНТИФИКАТОР ЗАПИСИ
контрольное поле RU\NLR\ONIZ\265733
005 - ИДЕНТИФИКАТОР ВЕРСИИ
контрольное поле 20250708193350.0
035 ## - ДРУГИЕ СИСТЕМНЫЕ НОМЕРА
Идентификатор записи (NLR Aleph) 012758194
071 00 - ИЗДАТЕЛЬСКИЙ НОМЕР
Номер, присвоенный агентством М60-46673-4
100 ## - ДАННЫЕ ОБЩЕЙ ОБРАБОТКИ
Данные общей обработки 20220403d1985 |||y0rusy50 ca
102 ## - СТРАНА ПУБЛИКАЦИИ ИЛИ ПРОИЗВОДСТВА
Страна публикации Российская Федерация
126 ## - ПОЛЕ КОДИРОВАННЫХ ДАННЫХ: ЗВУКОЗАПИСИ - ФИЗИЧЕСКИЕ ХАРАКТЕРИСТИКИ
Кодированные данные звукозаписи (общие) abaxexu ux
Кодированные данные звукозаписи (уточнения) xxx
127 ## - ПОЛЕ КОДИРОВАННЫХ ДАННЫХ: ПРОДОЛЖИТЕЛЬНОСТЬ ЗВУКОЗАПИСЕЙ И НОТНЫХ ИЗДАНИЙ (МУЗЫКАЛЬНОЕ ИСПОЛНЕНИЕ)
Продолжительность 000038
135 ## - ПОЛЕ КОДИРОВАННЫХ ДАННЫХ: ЭЛЕКТРОННЫЕ РЕСУРСЫ
Кодированные данные для электронного ресурса honoannnanndn
200 1# - ЗАГЛАВИЕ И СВЕДЕНИЯ ОБ ОТВЕТСТВЕННОСТИ
Основное заглавие Один только ты
Общее обозначение материала Звукозапись
Сведения, относящиеся к заглавию танцевальная музыка 30-х годов
Первые сведения об ответственности исполняет : Арти Шоу, кларнет, и его оркестр
203 ## - ВИД СОДЕРЖАНИЯ И ТИП СРЕДСТВА
Вид содержания Музыка
Дополнительные сведения об издании
Тип средства аудио
210 ## - ПУБЛИКАЦИЯ, РАСПРОСТРАНЕНИЕ И ДР.
Место издания, распространения и т.д. Москва
Имя издателя, распространителя и т. д. Мелодия
Дата издания, распространения и т.д. 1985
Имя изготовителя Завод грампластинок
Место изготовления Ленинград
215 ## - ФИЗИЧЕСКАЯ ХАРАКТЕРИСТИКА
Специфическое обозначение материала и объем 1 грп. [ГОСТ 5289-80] (38 мин) : 33 об/мин, моно
Размеры 30 см, в конв
300 ## - ОБЩИЕ ПРИМЕЧАНИЯ
Текст примечания Арх. записи
325 ## - ПРИМЕЧАНИЕ О КОПИИ
Текст примечания Копия доступна в электронной библиотеке РНБ
327 1# - ПРИМЕЧАНИЯ О СОДЕРЖАНИИ
Текст примечания 1. Один только ты / А. Джонс.
-- 2. Всё это ты / Дж. Керн - О. Хаммерстайн ; исполняет : Эллен Форест.
-- 3. Начало танца / К. Портер.
-- 4. Танцуя в темноте / А. Шварц, Х. Дитс.
-- 5. Над заливом / А. Шоу.
-- 6. Тёмно-лиловый / Де Розе ; исполняет : Эллен Форест.
-- 7. Твоё сердце / Де Сильва.
-- 8. Песня любви / Р. Фримль, Г. Стотгарт ; исполняет : Тони Пэстор.
-- 9. В старое время / А. Шоу ; исполняет : Билли Холидей.
-- 10. Ослиная серенада / Р. Фримль, Г. Стотгарт.
-- 11. Ночь и день / К. Портер.
-- 12. Искушение / Н. Браун.
-- 13. Лунный свет / Де Ланж, У. Хадсон
464 #0 - АНАЛИТИЧЕСКИЙ УРОВЕНЬ
Встроенное поле 2001#$aОдин только ты$fА. Джонс
-- 700#1$9z01790$aДжонс$bА.$cкомпозитор$4230$7ca
-- 790#1$9z01700$aJones$bA.$ccomposer$4230$7ba
Заглавие Один только ты
Автор Джонс, А. (композитор)
464 #0 - АНАЛИТИЧЕСКИЙ УРОВЕНЬ
Встроенное поле 2001#$aВсё это ты$fДж. Керн - О. Хаммерстайн$gисполняет : Эллен Форест
-- 6890#$aЩ943.4-041.5(7США)
-- 700#1$9z01790$aКерн$bД.$gДжером$f1885-1945$4230$7ca
-- 702#1$9z03790$aХаммерстайн II$bО.$gОскар$cпоэт$f1895–1960$4520$7ba
-- 702#1$9z04790$aФоррест$bХ.$gХелен$cпени$f1917-1999$4590$4vwo$7ca
-- 790#1$9z01700$aKern$bJ.$gJerome$f1885-1945$4230$7ba
-- 790#1$9z03702$aHammerstein II$bO.$gOscar$f1895–1960$4520$7ba
-- 790#1$9z04702$aForrest$bH.$gHelen$f1917-1999$4590$4vwo$7ba
Заглавие Всё это ты
Автор Керн, Джером (1885-1945)
464 #0 - АНАЛИТИЧЕСКИЙ УРОВЕНЬ
Встроенное поле 2001#$aНачало танца$fК. Портер
-- 700#1$9z01790$aПортер$bК.$gКоул$f1891-1964$4230$7ca
-- 790#1$9z01700$aPorter$bC.$gCole$f1891-1964$4230$7ba
Заглавие Начало танца
Автор Портер, Коул (1891-1964)
464 #0 - АНАЛИТИЧЕСКИЙ УРОВЕНЬ
Встроенное поле 2001#$aТанцуя в темноте$fА. Шварц, Х. Дитс
-- 700#1$9z01790$aШварц$gАртур$cкомпозитор$f1900-1984$4230$7ca
-- 702#1$9z02790$aДитц$bХ.$gХовард$cпоэт$f1896-1983$4520$7ca
-- 790#1$9z01700$aSchwartz$bA.$gArthur$f1900-1984$4230$7ba
-- 790#1$9z02702$aDietz$bH.$gHoward$f1896-1983$4520$7ba
Заглавие Танцуя в темноте
Автор Шварц, Артур (композитор ; 1900-1984)
464 #0 - АНАЛИТИЧЕСКИЙ УРОВЕНЬ
Встроенное поле 2001#$aНад заливом$fА. Шоу
-- 700#1$9z01790$aШоу$bА.$gАрти$cкларнет$f1910-2004$4230$7ca
-- 790#1$9z01700$aShaw$bA.$gArtie$cklarinet$f1910-2004$4230$7ba
Заглавие Над заливом
Автор Шоу, Арти (кларнет ; 1910-2004)
464 #0 - АНАЛИТИЧЕСКИЙ УРОВЕНЬ
Встроенное поле 2001#$aТёмно-лиловый$fДе Розе$gисполняет : Эллен Форест
-- 6061#$aПесни эстрадные для голоса и джазового оркестра$yСША$z20 век$jЗвукозапись$2nlr_sh
-- 6890#$aЩ943.4-041.5(7США)
-- 700#1$9z02790$aДе Розе$bП.$gПитер$cкомпозитор$f1900-1953$4230$7ca
-- 702#1$9z01790$aФоррест$bХ.$gХелен$cпени$f1917-1999$4590$4vwo$7ca
-- 790#1$9z01702$aForrest$bH.$gHelen$f1917-1999$4590$4vwo$7ba
-- 790#1$9z02700$aDeRose$bP.$gPeter$f1900-1953$4230
Заглавие Тёмно-лиловый
Автор Де Розе, Питер (композитор ; 1900-1953)
464 #0 - АНАЛИТИЧЕСКИЙ УРОВЕНЬ
Встроенное поле 2001#$aТвоё сердце$fДе Сильва
-- 700#1$9z01790$aДе$gСильва$cкомпозитор$4230$7ca
-- 790#1$9z01700$aDe Silva$ccomposer$4230$7ba
Заглавие Твоё сердце
Автор Де, Сильва (композитор)
464 #0 - АНАЛИТИЧЕСКИЙ УРОВЕНЬ
Встроенное поле 2001#$aПесня любви$fР. Фримль, Г. Стотгарт$gисполняет : Тони Пэстор
-- 6890#$aЩ943.4-041.5(7США)
-- 700#1$9z01790$aФримль$bЧ. Р.$gЧарльз Рудольф$f1879-1972$4230$7ca
-- 702#1$9z01790$aСтотгарт$bГ.$gГерберт$cкомпозитор$f1885-1949$4230$7ca
-- 702#1$9z02790$aПастор$bТ.$gТони$cпение$4590$4vma$7ca
-- 790#1$9z01700$aFriml$bCh. R.$gCharles Rudolf$f1879-1972$4230$7ba
-- 790#1$9z01702$aStothart$bH.$gHerbert$f1885-1949$4230$7ba
-- 790#1$9z02702$aPastor$bT.$gTony$4590$4vma$7ba
Заглавие Песня любви
Автор Фримль, Чарльз Рудольф (1879-1972)
464 #0 - АНАЛИТИЧЕСКИЙ УРОВЕНЬ
Встроенное поле 2001#$aВ старое время$fА. Шоу$gисполняет : Билли Холидей
-- 6890#$aЩ943.4-041.5(7США)
-- 700#1$9z01790$aШоу$bА.$gАрти$cкларнет$f1910-2004$4230$7ca
-- 702#1$9z02790$aХолидей$bБ.$gБилли$cпение$f1915-1959$4590$4vwo$7ca
-- 790#1$9z01700$aShaw$bA.$gArtie$cklarinet$f1910-2004$4230$7ba
-- 790#1$9z02702$aHoliday$bB.$gBillie$f1915-1959$4590$4vwo$7ba
Заглавие В старое время
Автор Шоу, Арти (кларнет ; 1910-2004)
464 #0 - АНАЛИТИЧЕСКИЙ УРОВЕНЬ
Встроенное поле 2001#$aОслиная серенада$fР. Фримль, Г. Стотгарт
-- 700#1$9z01790$aФримль$bЧ. Р.$gЧарльз Рудольф$f1879-1972$4230$7ca
-- 702#1$9z02790$aСтотгарт$bГ.$gГерберт$cкомпозитор$f1885-1949$4230$7ca
-- 790#1$9z01700$aFriml$bCh. R.$gCharles Rudolf$f1879-1972$4230$7ba
-- 790#1$9z02702$aStothart$bH.$gHerbert$f1885-1949$4230$7ba
Заглавие Ослиная серенада
Автор Фримль, Чарльз Рудольф (1879-1972)
464 #0 - АНАЛИТИЧЕСКИЙ УРОВЕНЬ
Встроенное поле 2001#$aНочь и день$fК. Портер
-- 700#1$9z01790$aПортер$bК.$gКоул$f1891-1964$4230$7ca
-- 790#1$9z01700$aPorter$bC.$gCole$f1891-1964$4230$7ba
Заглавие Ночь и день
Автор Портер, Коул (1891-1964)
464 #0 - АНАЛИТИЧЕСКИЙ УРОВЕНЬ
Встроенное поле 2001#$aИскушение$fН. Браун
-- 700#1$9z01790$aБраун$bН. Х.$gНасио Херб$cкомпозитор$f1896-1964$4230$7ca
-- 790#1$9z01700$aBrown$bN. H.$gNacio Herb$ccomposer$f1896-1964$4230
Заглавие Искушение
Автор Браун, Насио Херб (композитор ; 1896-1964)
464 #0 - АНАЛИТИЧЕСКИЙ УРОВЕНЬ
Встроенное поле 2001#$aЛунный свет$fДе Ланж, У. Хадсон
-- 700#1$9z02790$aХадсон$bУ.$gУилл$cкомпозитор$f1908-1981$4230$7ca
-- 702#1$9z01790$aДе Ланж$bЭ. (.$gЭдди (Эдгар)$f1904-1949$4520$7ca
-- 790#1$9z01702$aDeLange$bE. (.$gEddie (Edgar)$f1904-1949$4520$7ba
-- 790#1$9z02700$aHudson$bW.$gWill$ccomposer$f1908-1981$4230$7ba
Заглавие Лунный свет
Автор Хадсон, Уилл (композитор ; 1908-1981)
606 1# - НАИМЕНОВАНИЕ ТЕМЫ КАК ПРЕДМЕТ
Наименование темы Кларнетисты американские джазовые
Хронологический подзаголовок 20 век
Формальный подзаголовок Звукозапись
Код системы nlr_sh
606 1# - НАИМЕНОВАНИЕ ТЕМЫ КАК ПРЕДМЕТ
Наименование темы Джазовые оркестры
Географический подзаголовок США
Хронологический подзаголовок 20 век
Формальный подзаголовок Звукозапись
Код системы nlr_sh
606 1# - НАИМЕНОВАНИЕ ТЕМЫ КАК ПРЕДМЕТ
Наименование темы Музыка джазовая для кларнета
Географический подзаголовок США
Хронологический подзаголовок 20 век
Формальный подзаголовок Звукозапись
Код системы nlr_sh
606 1# - НАИМЕНОВАНИЕ ТЕМЫ КАК ПРЕДМЕТ
Наименование темы Песни эстрадные для голоса и джазового оркестра
Географический подзаголовок США
Хронологический подзаголовок 20 век
Формальный подзаголовок Звукозапись
Код системы nlr_sh
686 0# - ИНДЕКСЫ ДРУГИХ КЛАССИФИКАЦИЙ
Индекс Щ951.83-085я43(7США)
686 0# - ИНДЕКСЫ ДРУГИХ КЛАССИФИКАЦИЙ
Индекс Щ957.25, 8(3)
700 #1 - ИМЯ ЛИЦА - ПЕРВИЧНАЯ ОТВЕТСТВЕННОСТЬ
Системный номер авторитетной/нормативной записи z02790
Начальный элемент ввода Шоу
Часть имени, кроме начального элемента ввода А.
Дополнения к именам, кроме дат кларнет
Даты 1910-2004
Расширение инициалов личного имени Арти
Код отношения Исполнитель
--
Графика поля Кириллица
790 #1 - ИМЯ ЛИЦА - АЛЬТЕРНАТИВНАЯ ФОРМА
Системный номер авторитетной/нормативной записи z02700
Начальный элемент ввода Shaw
Часть имени, кроме начального элемента ввода A.
Дополнения к именам, кроме дат klarinet
Даты 1910-2004
Расширение инициалов личного имени Artie
Код отношения Исполнитель
--
Графика поля Латинская
801 #0 - ИСТОЧНИК ЗАПИСИ
Страна Российская Федерация
Организация NLR
Дата составления 20220403
Правила каталогизации PSBO
801 #1 - ИСТОЧНИК ЗАПИСИ
Страна Российская Федерация
Организация NLR
Дата составления 20220403
Источник данных rusmarc
801 #2 - ИСТОЧНИК ЗАПИСИ
Страна Российская Федерация
Организация NLR
Дата составления 20230710
852 ## - МЕСТОНАХОЖДЕНИЕ И ШИФР ХРАНЕНИЯ
Идентификатор организации NLR
Наименование фонда или коллекции (Sub-Location Identifier) Мг
Шифр хранения (Call Number) 3/7931
Страна
Номер экземпляра 1
852 ## - МЕСТОНАХОЖДЕНИЕ И ШИФР ХРАНЕНИЯ
Идентификатор организации NLR
Наименование фонда или коллекции (Sub-Location Identifier) Мг
Шифр хранения (Call Number) 3/7931а
Страна
Номер экземпляра 2
852 ## - МЕСТОНАХОЖДЕНИЕ И ШИФР ХРАНЕНИЯ
Идентификатор организации NLR
Наименование фонда или коллекции (Sub-Location Identifier) Мг
Шифр хранения (Call Number) 3/7931б
Страна
Номер экземпляра 3
852 ## - МЕСТОНАХОЖДЕНИЕ И ШИФР ХРАНЕНИЯ
Идентификатор организации NLR
Наименование фонда или коллекции (Sub-Location Identifier) Мг
Шифр хранения (Call Number) 3/8995
Страна
Номер экземпляра 4
856 #0 - МЕСТОНАХОЖДЕНИЕ ЭЛЕКТРОННЫХ РЕСУРОВ И ДОСТУП К НИМ
Универсальный идентификатор ресурса (Uniform Resource Identifier) https://vivaldi.nlr.ru/mk000001065/view
856 #1 - МЕСТОНАХОЖДЕНИЕ ЭЛЕКТРОННЫХ РЕСУРОВ И ДОСТУП К НИМ
Универсальный идентификатор ресурса (Uniform Resource Identifier) https://vivaldi.nlr.ru/mk000001065/cover
856 #2 - МЕСТОНАХОЖДЕНИЕ ЭЛЕКТРОННЫХ РЕСУРОВ И ДОСТУП К НИМ
Универсальный идентификатор ресурса (Uniform Resource Identifier) https://vivaldi.nlr.ru/mk000001065/text
942 ## - ДОПОЛНИТЕЛЬНЫЕ ЭЛЕМЕНТЫ ЗАПИСИ (АБИС)
Тип экземпляра АБИС Звукозапись
980 ## - КОЛЛЕКЦИЯ
Название коллекции Национальная библиография
980 ## - КОЛЛЕКЦИЯ
Название коллекции Отдел нот и звукозаписей
981 24 - КОЛЛЕКЦИЯ ЭЛЕКТРОННОЙ БИБЛИОТЕКИ
Название коллекции Нотные издания и аудиозаписи
Название подколлекции Грампластинки
Экземпляры
Тип экземпляра Дата поступления Библиотека постоянного хранения Библиотека текущего хранения Место хранения Шифр хранения Статус экземпляра
Звукозапись 03.04.2022 РНБ (Московский) РНБ (Московский) Фонд нот и звукозаписей 3/7931 3/7931  
Звукозапись 03.04.2022 РНБ (Московский) РНБ (Московский) Фонд нот и звукозаписей 3/7931а 3/7931а  
Звукозапись 03.04.2022 РНБ (Московский) РНБ (Московский) Фонд нот и звукозаписей 3/7931б 3/7931б  
Звукозапись 03.04.2022 РНБ (Московский) РНБ (Московский) Фонд нот и звукозаписей 3/8995 3/8995